[Event "2. Bundesliga West 2005/2006"]
[Site "AUT"]
[Date "2005.12.02"]
[Round "3"]
[White "Bertagnolli, Alexander"]
[Black "Endthaler, Arnold"]
[Result "0-1"]
[WhiteElo "2281"]
[BlackElo "2056"]
[PlyCount "54"]
[EventDate "2005.10.??"]
[EventType "team"]
[EventRounds "11"]
[EventCountry "AUT"]
[WhiteTeam "Woergl IV"]
[BlackTeam "Inter Salzburg VIII"]
[WhiteTeamCountry "AUT"]
[BlackTeamCountry "AUT"]

1. d4 Nf6 2. Nf3 g6 3. g3 Bg7 4. Bg2 O-O 5. O-O c6 6. c4 d6 7. Nc3 Nbd7 8. Qc2
e5 9. Rd1 Qe7 10. c5 dxc5 11. dxe5 Nxe5 12. Nxe5 Qxe5 13. Bf4 Qh5 14. Na4 Bf5
15. Qxc5 Qxe2 16. Rd2 Qh5 17. Qe7 Nd5 18. Bxd5 cxd5 19. Rxd5 Qf3 20. Rxf5 gxf5
21. Nc3 Rfe8 22. Qc5 Rad8 23. Rf1 Bd4 24. Qc4 Re1 25. Be3 Rxe3 26. Nb5 Re4 27.
Qc2 Bb6 0-1

[Event "2. Bundesliga West 2005/2006"]
[Site "AUT"]
[Date "2005.12.02"]
[Round "3"]
[White "Blaskowski, Johannes"]
[Black "Hanel, Reinhard"]
[Result "1/2-1/2"]
[WhiteElo "2366"]
[BlackElo "2269"]
[PlyCount "62"]
[EventDate "2005.10.??"]
[EventType "team"]
[EventRounds "11"]
[EventCountry "AUT"]
[WhiteTeam "Woergl IV"]
[BlackTeam "Inter Salzburg VIII"]
[WhiteTeamCountry "AUT"]
[BlackTeamCountry "AUT"]

1. e4 c5 2. Nf3 Nc6 3. d4 cxd4 4. Nxd4 Nf6 5. Nc3 e5 6. Ndb5 d6 7. Bg5 a6 8.
Na3 b5 9. Nd5 Be7 10. Bxf6 Bxf6 11. c3 O-O 12. Nc2 Rb8 13. Bd3 Bg5 14. Nce3 Be6
15. O-O Ne7 16. Bc2 Nxd5 17. Nxd5 a5 18. Bb3 Kh8 19. Ne3 Bxe3 20. fxe3 Qb6 21.
Qd2 a4 22. Bd5 Bxd5 23. exd5 f5 24. Rf2 Rf6 25. Raf1 Rbf8 26. g3 Qc5 27. Qd3 g6
28. b3 axb3 29. axb3 Rc8 30. Rc2 Rf7 31. Kg2 Rfc7 1/2-1/2

[Event "2. Bundesliga West 2005/2006"]
[Site "AUT"]
[Date "2005.12.02"]
[Round "3"]
[White "Huber, Wolfgang"]
[Black "Eybl, Alexander"]
[Result "0-1"]
[WhiteElo "2071"]
[BlackElo "2260"]
[PlyCount "48"]
[EventDate "2005.10.??"]
[EventType "team"]
[EventRounds "11"]
[EventCountry "AUT"]
[WhiteTeam "Inter Salzburg VIII"]
[BlackTeam "Woergl IV"]
[WhiteTeamCountry "AUT"]
[BlackTeamCountry "AUT"]

1. e4 g6 2. d4 Bg7 3. Nf3 c6 4. Nc3 d5 5. h3 dxe4 6. Nxe4 Nf6 7. Nxf6+ exf6 8.
Bc4 O-O 9. O-O Re8 10. Bb3 Bf5 11. c4 Be4 12. Be3 f5 13. Ne5 Nd7 14. f3 Nxe5
15. fxe4 Nd7 16. e5 c5 17. Re1 cxd4 18. Bxd4 Nxe5 19. Bxe5 Bxe5 20. Qc2 Qh4 21.
Kf1 Rad8 22. Rad1 Bd4 23. Re2 Qf4+ 24. Ke1 Qf2+ 0-1

[Event "2. Bundesliga West 2005/2006"]
[Site "AUT"]
[Date "2005.12.02"]
[Round "3"]
[White "Lickleder, Andreas"]
[Black "Neuschmied, Siegfried"]
[Result "1/2-1/2"]
[WhiteElo "2240"]
[BlackElo "2251"]
[PlyCount "129"]
[EventDate "2005.10.??"]
[EventType "team"]
[EventRounds "11"]
[EventCountry "AUT"]
[WhiteTeam "Inter Salzburg VIII"]
[BlackTeam "Woergl IV"]
[WhiteTeamCountry "AUT"]
[BlackTeamCountry "AUT"]

1. e4 c6 2. Nc3 d5 3. Nf3 Bg4 4. h3 Bxf3 5. Qxf3 e6 6. Be2 Nf6 7. O-O Be7 8. e5
Nfd7 9. Qg3 O-O 10. d4 f5 11. exf6 Bxf6 12. Be3 e5 13. dxe5 Nxe5 14. Bc5 Re8
15. Rad1 Nbd7 16. Be3 Nb6 17. Bh5 g6 18. Be2 Nec4 19. Bxc4 Nxc4 20. Bd4 Bxd4
21. Rxd4 Qf6 22. Rf4 Qe5 23. Rd1 Re7 24. b3 Nd6 25. Rf3 Qxg3 26. Rxg3 Rae8 27.
Rgd3 Nf5 28. Kf1 Kg7 29. R3d2 Rf8 30. Kg1 Rfe8 31. Kf1 b6 32. Re2 Kf6 33. Rxe7
Rxe7 34. g3 Rf7 35. h4 Ke5 36. f4+ Kf6 37. Kf2 Re7 38. Rd3 h5 39. Ne2 Re4 40.
Ng1 Nh6 41. Ne2 Ke7 42. Kf3 Ng4 43. a4 a6 44. Rd2 Re3+ 45. Kg2 c5 46. f5 Re5
47. fxg6 Kf6 48. Nf4 d4 49. Kh3 Ne3 50. Rf2 Kg7 51. Re2 Kh6 52. Nd3 Rf5 53. Nf4
Re5 54. Nd3 Re4 55. Nf4 Re7 56. Nd3 Kxg6 57. a5 bxa5 58. Nxc5 Rc7 59. Ne6 Rxc2
60. Nxd4 Rc3 61. Ra2 Rd3 62. Ne2 Rxb3 63. Nf4+ Kf7 64. Nxh5 Nc4 65. Rf2+
1/2-1/2

[Event "2. Bundesliga West 2005/2006"]
[Site "AUT"]
[Date "2005.12.02"]
[Round "3"]
[White "Mittelberger, Peter"]
[Black "Mroz, Thomas"]
[Result "1-0"]
[WhiteElo "2235"]
[BlackElo "2135"]
[PlyCount "109"]
[EventDate "2005.10.??"]
[EventType "team"]
[EventRounds "11"]
[EventCountry "AUT"]
[WhiteTeam "Woergl IV"]
[BlackTeam "Inter Salzburg VIII"]
[WhiteTeamCountry "AUT"]
[BlackTeamCountry "AUT"]

1. e4 Nf6 2. e5 Nd5 3. d4 d6 4. Nf3 dxe5 5. Nxe5 c6 6. Be2 Bf5 7. O-O Nd7 8.
Nc4 N7b6 9. Nba3 g6 10. Ne5 Bg7 11. c3 O-O 12. Re1 Re8 13. Nac4 Nxc4 14. Bxc4
Be6 15. Bb3 Nc7 16. Nf3 Bxb3 17. Qxb3 Qc8 18. Bf4 Nd5 19. Be5 e6 20. Bxg7 Kxg7
21. c4 Nb6 22. a4 Nd7 23. a5 a6 24. Qc3 Kg8 25. h4 h5 26. b4 Qc7 27. Ra2 Red8
28. Qe3 Qd6 29. Rb2 Kg7 30. Qc3 Kg8 31. Ng5 Nf8 32. Rd2 Qf4 33. g3 Qf6 34. Ne4
Qg7 35. Qe3 Nd7 36. Qf4 Qf8 37. Rb1 Qe7 38. Nc3 Nf6 39. Na4 e5 40. Qe3 Ng4 41.
Qe2 Qf6 42. Nb6 Rab8 43. d5 cxd5 44. cxd5 Qe7 45. f3 Nf6 46. Qc4 Nd7 47. Qc7
Kf8 48. Nxd7+ Qxd7 49. Qxe5 Kg8 50. Kg2 Re8 51. Qf4 Rbc8 52. Rb3 Re1 53. Re3
Rh1 54. g4 Rcc1 55. Qe5 1-0

[Event "2. Bundesliga West 2005/2006"]
[Site "AUT"]
[Date "2005.12.02"]
[Round "3"]
[White "Pitl, Gregory"]
[Black "Halasz, Tamas"]
[Result "1-0"]
[WhiteElo "2365"]
[BlackElo "2376"]
[PlyCount "53"]
[EventDate "2005.10.??"]
[EventType "team"]
[EventRounds "11"]
[EventCountry "AUT"]
[WhiteTeam "Inter Salzburg VIII"]
[BlackTeam "Woergl IV"]
[WhiteTeamCountry "AUT"]
[BlackTeamCountry "AUT"]

1. e4 e5 2. Nf3 Nf6 3. d4 Nxe4 4. Bd3 d5 5. Nxe5 Nd7 6. Nxd7 Bxd7 7. O-O Qh4 8.
c4 O-O-O 9. c5 g5 10. Nc3 Bg7 11. g3 Qh3 12. Nxe4 dxe4 13. Bxe4 Bb5 14. Bg2 Qf5
15. Be3 Bxf1 16. Bxf1 Rhe8 17. Qa4 c6 18. Rd1 a6 19. Bxa6 Qf3 20. d5 Re7 21.
Bxb7+ Kxb7 22. Qxc6+ Kb8 23. Rd3 Rc7 24. Qa6 Qxd5 25. Rxd5 Rxd5 26. b4 Bd4 27.
Qc4 1-0

[Event "2. Bundesliga West 2005/2006"]
[Site "AUT"]
[Date "2005.12.02"]
[Round "3"]
[White "Bezler, Rainer"]
[Black "Kroell, Johannes"]
[Result "0-1"]
[WhiteElo "2207"]
[BlackElo "2191"]
[PlyCount "92"]
[EventDate "2005.10.??"]
[EventType "team"]
[EventRounds "11"]
[EventCountry "AUT"]
[WhiteTeam "Lustenau VII"]
[BlackTeam "Zillertal II"]
[WhiteTeamCountry "AUT"]
[BlackTeamCountry "AUT"]

1. d4 g6 2. c4 Bg7 3. Nf3 d6 4. Nc3 Nd7 5. e4 e6 6. Be2 Ne7 7. Be3 h6 8. Qc2 b6
9. O-O O-O 10. Rfd1 f5 11. c5 f4 12. cxd6 fxe3 13. dxe7 exf2+ 14. Kxf2 Qxe7 15.
e5 g5 16. Qe4 Rb8 17. Bd3 Rf5 18. Qe3 Rf7 19. Kg1 g4 20. Ne1 c5 21. Bg6 Rf8 22.
Bc2 cxd4 23. Qe4 Bxe5 24. Ne2 Qg7 25. Nxd4 Ba6 26. Ne2 Nc5 27. Qe3 Bxb2 28.
Rab1 Bxe2 29. Qxe2 Bd4+ 30. Kh1 e5 31. Nd3 g3 32. h3 Nxd3 33. Qxd3 Rf2 34. Re1
Rc8 35. Bb3+ Kh8 36. Re4 Rc3 37. Qb5 Qg6 38. Rbe1 Qxe4 39. Qe8+ Kg7 40. Qg8+
Kf6 41. Qd8+ Kg6 42. Qg8+ Kh5 43. Bd1+ Rcf3 44. Rg1 Kh4 45. Qe8 Rf7 46. a4
Qxg2+ 0-1

[Event "2. Bundesliga West 2005/2006"]
[Site "AUT"]
[Date "2005.12.02"]
[Round "3"]
[White "Ginsburg, Gennadij"]
[Black "Lanka, Zigurds"]
[Result "1-0"]
[WhiteElo "2513"]
[BlackElo "2510"]
[PlyCount "59"]
[EventDate "2005.10.??"]
[EventType "team"]
[EventRounds "11"]
[EventCountry "AUT"]
[WhiteTeam "Lustenau VII"]
[BlackTeam "Zillertal II"]
[WhiteTeamCountry "AUT"]
[BlackTeamCountry "AUT"]

1. e4 c5 2. Nf3 Nc6 3. d4 cxd4 4. Nxd4 Nf6 5. Nc3 d6 6. Bc4 e6 7. Be3 Be7 8.
Qe2 a6 9. O-O-O Qc7 10. Bb3 O-O 11. Rhg1 b5 12. g4 b4 13. Nxc6 Qxc6 14. Nd5
Nxd5 15. exd5 Qb7 16. dxe6 fxe6 17. Bd4 d5 18. g5 Rf5 19. c3 bxc3 20. Bxc3 Bc5
21. Bc2 Rxf2 22. Qh5 g6 23. Bxg6 Be3+ 24. Kb1 Rb8 25. Bc2 Qc7 26. Qe8+ Rf8 27.
g6 Rxb2+ 28. Ka1 Rxc2 29. gxh7+ Kxh7 30. Qg6# 1-0

[Event "2. Bundesliga West 2005/2006"]
[Site "AUT"]
[Date "2005.12.02"]
[Round "3"]
[White "Hugentobler, Patrick"]
[Black "Gross, David"]
[Result "0-1"]
[WhiteElo "2234"]
[BlackElo "2467"]
[PlyCount "62"]
[EventDate "2005.10.??"]
[EventType "team"]
[EventRounds "11"]
[EventCountry "AUT"]
[WhiteTeam "Lustenau VII"]
[BlackTeam "Zillertal II"]
[WhiteTeamCountry "AUT"]
[BlackTeamCountry "AUT"]

1. e4 c5 2. Nf3 d6 3. d4 cxd4 4. Nxd4 Nf6 5. Nc3 e6 6. Bc4 Be7 7. Be3 O-O 8.
Qe2 a6 9. Bb3 b5 10. f3 Qc7 11. g4 b4 12. Nd1 Nc6 13. Nxc6 Qxc6 14. Nf2 a5 15.
Bc4 a4 16. O-O d5 17. Bd3 dxe4 18. fxe4 Bb7 19. Rad1 Ra5 20. c3 bxc3 21. Rc1
Qd6 22. Rxc3 Qe5 23. Qf3 Bd6 24. Qg2 h6 25. Rfc1 Raa8 26. Rc5 Bxc5 27. Rxc5
Qxb2 28. Rb5 Qc3 29. Rxb7 Qe1+ 30. Bf1 Qxe3 31. h4 h5 0-1

[Event "2. Bundesliga West 2005/2006"]
[Site "AUT"]
[Date "2005.12.02"]
[Round "3"]
[White "Schiestl, Josef"]
[Black "Maier, Peter"]
[Result "1/2-1/2"]
[WhiteElo "2157"]
[BlackElo "2178"]
[PlyCount "31"]
[EventDate "2005.10.??"]
[EventType "team"]
[EventRounds "11"]
[EventCountry "AUT"]
[WhiteTeam "Zillertal II"]
[BlackTeam "Lustenau VII"]
[WhiteTeamCountry "AUT"]
[BlackTeamCountry "AUT"]

1. e4 d5 2. exd5 Qxd5 3. Nc3 Qa5 4. d4 c6 5. Bc4 Bf5 6. Bd2 e6 7. Nf3 Nf6 8.
Ne4 Qc7 9. Nxf6+ gxf6 10. Bb3 Nd7 11. Qe2 O-O-O 12. Nh4 Bg6 13. O-O-O Nb6 14.
c3 c5 15. Nxg6 hxg6 16. Qf3 1/2-1/2

[Event "2. Bundesliga West 2005/2006"]
[Site "AUT"]
[Date "2005.12.03"]
[Round "4"]
[White "Gross, David"]
[Black "Loeffler, Christoph"]
[Result "1/2-1/2"]
[WhiteElo "2467"]
[BlackElo "2177"]
[PlyCount "163"]
[EventDate "2005.10.??"]
[EventType "team"]
[EventRounds "11"]
[EventCountry "AUT"]
[WhiteTeam "Zillertal II"]
[BlackTeam "ASK Salzburg XI"]
[WhiteTeamCountry "AUT"]
[BlackTeamCountry "AUT"]

1. e4 d5 2. exd5 Nf6 3. d4 Nxd5 4. Nf3 g6 5. Bc4 Bg7 6. O-O O-O 7. Re1 Nb6 8.
Bb3 Nc6 9. c3 Bf5 10. Bg5 h6 11. Bh4 Re8 12. a4 a5 13. Na3 g5 14. Bg3 e6 15.
Nb5 Rc8 16. h4 g4 17. Nh2 h5 18. f3 gxf3 19. Nxf3 Bg4 20. Qd3 Ne7 21. Ng5 Bf5
22. Qf3 Nbd5 23. Qxh5 Bg6 24. Qf3 Nf5 25. Bf2 c6 26. Na3 Bf6 27. h5 Bxh5 28.
Qxh5 Bxg5 29. Re4 Ng7 30. Qh3 f5 31. Ree1 Kf7 32. Nc4 Rh8 33. Qf3 Bf4 34. Ne5+
Bxe5 35. Rxe5 Qg5 36. Rae1 Rh6 37. Bxd5 cxd5 38. Be3 Rh1+ 39. Kxh1 Qh4+ 40. Qh3
Qxe1+ 41. Kh2 Qd1 42. Bf4 Qxa4 43. Re3 Qe8 44. Be5 Qh8 45. Bxg7 Qxg7 46. Qh5+
Kf6 47. Qh4+ Kf7 48. Qf4 Rh8+ 49. Kg1 Rh6 50. Qb8 Qh8 51. Qc7+ Kf6 52. Kf2 Qh7
53. Qe5+ Kf7 54. c4 f4 55. Qc7+ Kf6 56. Qxf4+ Qf5 57. Qxf5+ Kxf5 58. Re5+ Kf4
59. cxd5 exd5 60. g3+ Kg4 61. Rxd5 Rh2+ 62. Ke3 Rxb2 63. Rxa5 b5 64. Ra8 Kf5
65. g4+ Kxg4 66. Ke4 Kg5 67. Ke5 Kg6 68. Rb8 b4 69. d5 b3 70. d6 Re2+ 71. Kd5
b2 72. d7 Kf7 73. Kd6 Rd2+ 74. Kc7 Rc2+ 75. Kd8 Rd2 76. Rb6 Rc2 77. Rb3 Rd2 78.
Rf3+ Ke6 79. Re3+ Kf7 80. Re7+ Kf8 81. Re1 Kf7 82. Re7+ 1/2-1/2

[Event "2. Bundesliga West 2005/2006"]
[Site "AUT"]
[Date "2005.12.03"]
[Round "4"]
[White "Juergens, Klaus"]
[Black "Maiwald, Jens Uwe"]
[Result "0-1"]
[WhiteElo "2183"]
[BlackElo "2502"]
[PlyCount "92"]
[EventDate "2005.10.??"]
[EventType "team"]
[EventRounds "11"]
[EventCountry "AUT"]
[WhiteTeam "ASK Salzburg XI"]
[BlackTeam "Zillertal II"]
[WhiteTeamCountry "AUT"]
[BlackTeamCountry "AUT"]

1. Nf3 g6 2. c4 Bg7 3. d4 Nf6 4. g3 O-O 5. Bg2 d6 6. O-O Nc6 7. Nc3 Bf5 8. d5
Na5 9. Nd2 c6 10. e4 Bg4 11. f3 Bd7 12. Rb1 cxd5 13. cxd5 Rc8 14. Qe2 e6 15.
Bh3 exd5 16. Bxd7 Qxd7 17. Nxd5 Nxd5 18. exd5 Qf5 19. Qe4 Rfe8 20. Qxf5 gxf5
21. b4 Nc4 22. Nb3 Re2 23. Rf2 Re5 24. Bf4 Rxd5 25. Rc1 b5 26. Re2 Rd3 27. Kg2
Bc3 28. Re7 a6 29. Ra7 Bxb4 30. Rxa6 Kg7 31. Ra7 Bc3 32. Rb7 b4 33. Rc2 Re8 34.
Nc1 Rd1 35. Ne2 Rd3 36. Nc1 Ne3+ 37. Bxe3 Rdxe3 38. Rd7 R8e6 39. f4 h5 40. Rf2
h4 41. Rc2 hxg3 42. h3 Re1 43. Kxg3 Bd4 44. Nb3 Rg6+ 45. Kh2 Bg1+ 46. Kh1 Be3+
0-1

[Event "2. Bundesliga West 2005/2006"]
[Site "AUT"]
[Date "2005.12.03"]
[Round "4"]
[White "Kroell, Johannes"]
[Black "Navratil, Robert"]
[Result "1-0"]
[WhiteElo "2191"]
[BlackElo "2133"]
[PlyCount "55"]
[EventDate "2005.10.??"]
[EventType "team"]
[EventRounds "11"]
[EventCountry "AUT"]
[WhiteTeam "Zillertal II"]
[BlackTeam "ASK Salzburg XI"]
[WhiteTeamCountry "AUT"]
[BlackTeamCountry "AUT"]

1. Nc3 d5 2. e4 Nf6 3. e5 Nfd7 4. f4 e6 5. Nce2 c5 6. c3 Nc6 7. d4 Be7 8. g3
O-O 9. Bh3 f6 10. Bxe6+ Kh8 11. Bxd5 Nb6 12. Bxc6 bxc6 13. Nf3 Bh3 14. Kf2 c4
15. Be3 Qd5 16. Re1 Rad8 17. Neg1 Bf5 18. b4 g5 19. exf6 Bxf6 20. fxg5 Bg7 21.
Bf4 Bg4 22. Qd2 Qf5 23. Kg2 Nd5 24. h3 h6 25. hxg4 Qxg4 26. Nh3 hxg5 27. Nh2
Nxf4+ 28. Nxf4 1-0

[Event "2. Bundesliga West 2005/2006"]
[Site "AUT"]
[Date "2005.12.03"]
[Round "4"]
[White "Lanka, Zigurds"]
[Black "Westermeier, Arnulf"]
[Result "1-0"]
[WhiteElo "2510"]
[BlackElo "2289"]
[PlyCount "81"]
[EventDate "2005.10.??"]
[EventType "team"]
[EventRounds "11"]
[EventCountry "AUT"]
[WhiteTeam "Zillertal II"]
[BlackTeam "ASK Salzburg XI"]
[WhiteTeamCountry "AUT"]
[BlackTeamCountry "AUT"]

1. e4 c5 2. Nf3 a6 3. Nc3 b5 4. d4 cxd4 5. Nxd4 Bb7 6. Bd3 Nc6 7. Nxc6 Bxc6 8.
Qe2 e6 9. O-O Bc5 10. a4 b4 11. Nd5 a5 12. Bf4 Ra7 13. c3 b3 14. Rfe1 Ne7 15.
Qh5 d6 16. Bg5 exd5 17. exd5 Ba8 18. Re4 Kf8 19. Rae1 f6 20. Bxf6 gxf6 21. Qh6+
Kf7 22. Rg4 Ng6 23. Bxg6+ hxg6 24. Qxg6+ Kf8 25. Re8+ Qxe8 26. Qxf6+ Qf7 27.
Qxh8+ Ke7 28. Rg7 Bxd5 29. Rxf7+ Bxf7 30. h4 Rd7 31. h5 Rd8 32. Qh7 Rg8 33.
Qe4+ Be6 34. h6 Rf8 35. Qh4+ Kf7 36. Qh5+ Kf6 37. g4 Ke7 38. Qh4+ Kf7 39. h7
Kg7 40. Qe7+ Bf7 41. Qxf8+ 1-0

[Event "2. Bundesliga West 2005/2006"]
[Site "AUT"]
[Date "2005.12.03"]
[Round "4"]
[White "Scheiblmaier, Robert"]
[Black "Schiestl, Josef"]
[Result "1/2-1/2"]
[WhiteElo "2159"]
[BlackElo "2157"]
[PlyCount "48"]
[EventDate "2005.10.??"]
[EventType "team"]
[EventRounds "11"]
[EventCountry "AUT"]
[WhiteTeam "ASK Salzburg XI"]
[BlackTeam "Zillertal II"]
[WhiteTeamCountry "AUT"]
[BlackTeamCountry "AUT"]

1. d4 Nf6 2. c4 g6 3. Nc3 Bg7 4. e4 d6 5. f3 O-O 6. Be3 a6 7. Qd2 Nbd7 8. Nh3
c5 9. d5 b5 10. cxb5 Qa5 11. Nf2 axb5 12. Nxb5 Nb6 13. Qxa5 Rxa5 14. Bd2 Ra8
15. a3 Bd7 16. Rb1 Rfb8 17. Nc3 Na4 18. Nxa4 Rxa4 19. Bd3 Ne8 20. Nd1 Nc7 21.
Bc3 Ra7 22. Bxg7 Kxg7 23. O-O Bb5 24. Bxb5 Nxb5 1/2-1/2

[Event "2. Bundesliga West 2005/2006"]
[Site "AUT"]
[Date "2005.12.03"]
[Round "4"]
[White "Teufl, Siegfried"]
[Black "Tabernig, Bernhard"]
[Result "1/2-1/2"]
[WhiteElo "2184"]
[BlackElo "2324"]
[PlyCount "78"]
[EventDate "2005.10.??"]
[EventType "team"]
[EventRounds "11"]
[EventCountry "AUT"]
[WhiteTeam "ASK Salzburg XI"]
[BlackTeam "Zillertal II"]
[WhiteTeamCountry "AUT"]
[BlackTeamCountry "AUT"]

1. e4 e6 2. d4 d5 3. Nc3 Bb4 4. e5 c5 5. a3 Bxc3+ 6. bxc3 Ne7 7. Nf3 b6 8. Bb5+
Bd7 9. a4 Bxb5 10. axb5 Qd7 11. Qe2 c4 12. Rb1 a6 13. bxa6 Rxa6 14. O-O O-O 15.
Bg5 Nbc6 16. Bxe7 Nxe7 17. Rb2 Rfa8 18. Rfb1 Nc8 19. h4 Ra2 20. Qd2 h6 21. g4
Qa4 22. Rxa2 Qxa2 23. Re1 Ne7 24. h5 Qb2 25. Kg2 Ra3 26. Re3 Ra1 27. Re1 b5 28.
Rxa1 Qxa1 29. Nh4 Nc6 30. g5 hxg5 31. Qxg5 Qa3 32. h6 Qf8 33. Nf3 Kh8 34. h7
Ne7 35. Qh5 Nf5 36. Ng5 Nh6 37. Qd1 Qe7 38. Qh5 Qa7 39. Qd1 Qe7 1/2-1/2

[Event "2. Bundesliga West 2005/2006"]
[Site "AUT"]
[Date "2005.12.03"]
[Round "4"]
[White "Gerhold, Michael"]
[Black "Huber, Wolfgang"]
[Result "1/2-1/2"]
[WhiteElo "2209"]
[BlackElo "2071"]
[PlyCount "149"]
[EventDate "2005.10.??"]
[EventType "team"]
[EventRounds "11"]
[EventCountry "AUT"]
[WhiteTeam "Absam"]
[BlackTeam "Inter Salzburg VIII"]
[WhiteTeamCountry "AUT"]
[BlackTeamCountry "AUT"]

1. c4 Nf6 2. Nc3 g6 3. e4 d6 4. d4 Bg7 5. Nf3 O-O 6. Be2 Nc6 7. d5 Nb8 8. O-O
Bg4 9. Be3 Bxf3 10. Bxf3 Nbd7 11. g3 c5 12. Bg2 Ne8 13. f4 f5 14. exf5 Bxc3 15.
bxc3 gxf5 16. Bh3 Ng7 17. g4 Nf6 18. Kh1 fxg4 19. Bxg4 Nxg4 20. Qxg4 Qc8 21. f5
Rxf5 22. Rg1 Rf7 23. Qg2 Qf5 24. Bh6 Qg6 25. Qxg6 hxg6 26. Rxg6 Kh7 27. Rag1
Nf5 28. Bf4 Rg7 29. R6g5 Rxg5 30. Rxg5 Rf8 31. Kg2 Rf7 32. Kf3 Ng7 33. Ke4 Ne8
34. Bg3 Kh6 35. Rf5 Nf6+ 36. Kd3 Kg6 37. Rf2 Rh7 38. a4 Rh3 39. Rf4 Kg5 40. Rf3
Kg4 41. Re3 Rh7 42. a5 b6 43. axb6 axb6 44. Re2 Kf5 45. Kc2 Ne4 46. Re3 Nf6 47.
Kb3 b5 48. cxb5 Nxd5 49. Re2 e5 50. c4 Nb6 51. Ra2 Ke6 52. Ra6 Nd7 53. Ka4 Rf7
54. Rc6 Rf1 55. b6 Rb1 56. Ka5 Rb4 57. Ka6 Nb8+ 58. Kb7 Nxc6 59. Kxc6 Rxc4 60.
b7 Rb4 61. Be1 Rxb7 62. Kxb7 Kf5 63. Kc6 Kg4 64. Kd5 Kh3 65. Bg3 Kg4 66. Kc4
Kh3 67. Kd3 Kg4 68. Bf2 Kh3 69. Bg3 Kg4 70. Kc4 Kh3 71. Kd5 Kg4 72. Kxd6 c4 73.
Bxe5 Kh3 74. Kd5 c3 75. Bxc3 1/2-1/2

[Event "2. Bundesliga West 2005/2006"]
[Site "AUT"]
[Date "2005.12.03"]
[Round "4"]
[White "Lickleder, Andreas"]
[Black "Wegerle, Joerg"]
[Result "1/2-1/2"]
[WhiteElo "2240"]
[BlackElo "2417"]
[PlyCount "49"]
[EventDate "2005.10.??"]
[EventType "team"]
[EventRounds "11"]
[EventCountry "AUT"]
[WhiteTeam "Inter Salzburg VIII"]
[BlackTeam "Absam"]
[WhiteTeamCountry "AUT"]
[BlackTeamCountry "AUT"]

1. e4 c5 2. Nf3 e6 3. b3 b6 4. d4 cxd4 5. Nxd4 a6 6. Bb2 Qc7 7. Bd3 Nf6 8. O-O
Bb7 9. Qe2 Bd6 10. Nf3 Be7 11. c4 d6 12. Nbd2 Nbd7 13. Rae1 Nc5 14. Bb1 e5 15.
Nh4 g6 16. f4 Ne6 17. fxe5 dxe5 18. Ndf3 Nd7 19. Kh1 O-O 20. Qe3 Bf6 21. Qf2
Rad8 22. Qg3 Kh8 23. Qh3 Kg8 24. Qg3 Kh8 25. Qh3 1/2-1/2

[Event "2. Bundesliga West 2005/2006"]
[Site "AUT"]
[Date "2005.12.03"]
[Round "4"]
[White "Marchhart, Matthias"]
[Black "Duer, Werner"]
[Result "1/2-1/2"]
[WhiteElo "2153"]
[BlackElo "2249"]
[PlyCount "35"]
[EventDate "2005.10.??"]
[EventType "team"]
[EventRounds "11"]
[EventCountry "AUT"]
[WhiteTeam "Inter Salzburg VIII"]
[BlackTeam "Absam"]
[WhiteTeamCountry "AUT"]
[BlackTeamCountry "AUT"]

1. e4 c6 2. d4 d5 3. e5 Bf5 4. g4 Be4 5. f3 Bg6 6. Ne2 e6 7. Be3 Be7 8. Bf2 Bh4
9. Nd2 Bxf2+ 10. Kxf2 Qh4+ 11. Ng3 h5 12. h3 Nd7 13. f4 Nh6 14. Nf3 Qe7 15.
gxh5 Be4 16. Bd3 f5 17. c3 O-O-O 18. Qd2 1/2-1/2

[Event "2. Bundesliga West 2005/2006"]
[Site "AUT"]
[Date "2005.12.03"]
[Round "4"]
[White "Pilz, Dieter"]
[Black "Mroz, Thomas"]
[Result "1/2-1/2"]
[WhiteElo "2331"]
[BlackElo "2135"]
[PlyCount "53"]
[EventDate "2005.10.??"]
[EventType "team"]
[EventRounds "11"]
[EventCountry "AUT"]
[WhiteTeam "Absam"]
[BlackTeam "Inter Salzburg VIII"]
[WhiteTeamCountry "AUT"]
[BlackTeamCountry "AUT"]

1. e4 Nf6 2. Nc3 d5 3. exd5 Nxd5 4. Bc4 Be6 5. Qf3 c6 6. Nge2 Nc7 7. Bb3 Bxb3
8. axb3 g6 9. d4 Bg7 10. Ne4 Nd5 11. c3 Nd7 12. O-O O-O 13. Nf4 N7f6 14. Nxf6+
Nxf6 15. b4 a6 16. Re1 Re8 17. Ra5 e6 18. Nd3 Nd5 19. Ne5 Qc7 20. h4 b6 21. Ra1
c5 22. bxc5 bxc5 23. Bf4 Nxf4 24. Qxf4 cxd4 25. Qxd4 Red8 26. Qe4 Bxe5 27. Qxe5
1/2-1/2

[Event "2. Bundesliga West 2005/2006"]
[Site "AUT"]
[Date "2005.12.03"]
[Round "4"]
[White "Pitl, Gregory"]
[Black "Dizdar, Goran"]
[Result "1/2-1/2"]
[WhiteElo "2365"]
[BlackElo "2542"]
[PlyCount "60"]
[EventDate "2005.10.??"]
[EventType "team"]
[EventRounds "11"]
[EventCountry "AUT"]
[WhiteTeam "Inter Salzburg VIII"]
[BlackTeam "Absam"]
[WhiteTeamCountry "AUT"]
[BlackTeamCountry "AUT"]

1. e4 e6 2. d4 d5 3. Nd2 c5 4. Ngf3 Nf6 5. exd5 exd5 6. Bb5+ Bd7 7. Bxd7+ Nbxd7
8. O-O Be7 9. dxc5 Nxc5 10. Nb3 Nce4 11. Nfd4 Qd7 12. f3 Nd6 13. Nc5 Qc8 14.
Nd3 O-O 15. Re1 Re8 16. Bg5 Qc4 17. c3 Bd8 18. Rxe8+ Ndxe8 19. Qd2 Bb6 20. Be3
Nd6 21. Bf2 Rc8 22. Ne5 Qc7 23. Qg5 Re8 24. Nd3 Qc4 25. Ne5 Qc7 26. Nd3 h6 27.
Qf4 Qc4 28. Ne5 Qc7 29. Nd3 Qc4 30. Ne5 Qc7 1/2-1/2

[Event "2. Bundesliga West 2005/2006"]
[Site "AUT"]
[Date "2005.12.03"]
[Round "4"]
[White "Halasz, Tamas"]
[Black "Volke, Karsten"]
[Result "1/2-1/2"]
[WhiteElo "2376"]
[BlackElo "2473"]
[PlyCount "31"]
[EventDate "2005.10.??"]
[EventType "team"]
[EventRounds "11"]
[EventCountry "AUT"]
[WhiteTeam "Woergl IV"]
[BlackTeam "Bregenz X"]
[WhiteTeamCountry "AUT"]
[BlackTeamCountry "AUT"]

1. d4 Nf6 2. Nf3 e6 3. c4 b6 4. g3 Ba6 5. b3 Bb4+ 6. Bd2 Be7 7. Nc3 d5 8. cxd5
exd5 9. Bg2 O-O 10. O-O Bb7 11. Rc1 Na6 12. Ne5 Ba3 13. Rb1 Bb4 14. Rc1 Ba3 15.
Rb1 Bb4 16. Rc1 1/2-1/2

[Event "2. Bundesliga West 2005/2006"]
[Site "AUT"]
[Date "2005.12.03"]
[Round "4"]
[White "Heilinger, Dietmar"]
[Black "Mittelberger, Peter"]
[Result "1/2-1/2"]
[WhiteElo "2146"]
[BlackElo "2235"]
[PlyCount "26"]
[EventDate "2005.10.??"]
[EventType "team"]
[EventRounds "11"]
[EventCountry "AUT"]
[WhiteTeam "Bregenz X"]
[BlackTeam "Woergl IV"]
[WhiteTeamCountry "AUT"]
[BlackTeamCountry "AUT"]

1. c4 Nf6 2. g3 g6 3. Bg2 Bg7 4. Nc3 O-O 5. e4 d6 6. Nge2 e5 7. O-O Nc6 8. h3
Be6 9. d3 Qd7 10. Kh2 Kh8 11. Be3 Ng8 12. Qd2 a6 13. f4 Rab8 1/2-1/2